[Event "Madrid-ch Previa-A"]
[Site "Madrid"]
[Date "2014.02.03"]
[Round "1"]
[White "Jimenez Jimenez, Darfo"]
[Black "Morera Rodriguez, Ignacio"]
[Result "0-1"]
[WhiteElo "1673"]
[BlackElo "1863"]
[PlyCount "94"]
[EventDate "2014.02.03"]
[EventType "swiss"]
[EventRounds "9"]
[EventCountry "ESP"]
[SourceTitle "EXT 2015"]
[Source "ChessBase"]
[SourceDate "2014.11.20"]
[SourceVersion "1"]
[SourceVersionDate "2014.11.20"]
[SourceQuality "1"]

1. e4 c5 2. Nf3 d6 3. d4 cxd4 4. Nxd4 Nf6 5. Nc3 a6 6. Bg5 e6 7. Qd2 Be7 8. Bd3 0-0 9. 0-0 b5 10. a3 Bb7 11. Rfe1 Nbd7 12. Nb3 Ne5 13. Bf1 Rc8 14. Rad1 Nc4 15. Qc1 Qb6 16. Nd2 Ng4 17. Nxc4 bxc4 18. Bxe7 Nxf2 19. Qe3 Qxe3 20. Rxe3 Nxd1 21. Nxd1 Rfe8 22. Bxd6 Red8 23. e5 f6 24. Nc3 fxe5 25. Bxe5 Rd2 26. Ne4 Rd1 27. Nd6 Rf8 28. h4 Rdxf1+ 29. Kh2 Bd5 30. Rg3 g6 31. h5 R8f5 32. Nxf5 Rxf5 33. Bd4 Rxh5+ 34. Kg1 Rh4 35. c3 Re4 36. Kf2 Rf4+ 37. Ke2 Rf8 38. Kd2 Rf1 39. Rg4 Kf7 40. Ke2 Rf5 41. Ke3 e5 42. Bc5 Rf1 43. Rh4 h5 44. Rh2 Ke6 45. g4 hxg4 46. Rf2 Re1+ 47. Re2 Rh1 0-1

[Event "Madrid-ch sf-A"]
[Site "Madrid"]
[Date "2013.03.19"]
[Round "6"]
[White "Morera Rodriguez, Ignacio"]
[Black "Cano Mercado, Francisco Manuel"]
[Result "1-0"]
[WhiteElo "1866"]
[BlackElo "1870"]
[PlyCount "64"]
[EventDate "2013.03.11"]
[EventType "swiss"]
[EventRounds "9"]
[EventCountry "ESP"]
[SourceTitle "CBM 153 Extra"]
[Source "ChessBase"]
[SourceDate "2013.04.22"]
[SourceVersion "1"]
[SourceVersionDate "2013.04.22"]
[SourceQuality "1"]

1. d4 d5 2. c4 e6 3. Nf3 Nf6 4. g3 Bb4+ 5. Bd2 Be7 6. Bg2 0-0 7. 0-0 b6 8. b3 Bb7 9. Ne5 Nbd7 10. Bc3 c5 11. e3 Qc7 12. Nxd7 Qxd7 13. dxc5 bxc5 14. Bb2 Rad8 15. Qf3 Ne4 16. Qe2 dxc4 17. Qxc4 Bd5 18. Qc2 Qb7 19. f3 Nf6 20. e4 Bc6 21. Na3 Rd7 22. Nc4 Rfd8 23. Rf2 Bb5 24. Ne5 Bd3 25. Nxd3 Rxd3 26. e5 Ne8 27. Bc3 Qd7 28. Bf1 Re3 29. f4 c4 30. Bxc4 Bc5 31. Ba5 Rf3 32. Raf1 Rxf2 1-0

[Event "Madrid-ch sf-A"]
[Site "Madrid"]
[Date "2013.03.13"]
[Round "3"]
[White "Morera Rodriguez, Ignacio"]
[Black "Lopez Heras, Arturo"]
[Result "0-1"]
[WhiteElo "1866"]
[BlackElo "1946"]
[PlyCount "100"]
[EventDate "2013.03.11"]
[EventType "swiss"]
[EventRounds "9"]
[EventCountry "ESP"]
[SourceTitle "CBM 153 Extra"]
[Source "ChessBase"]
[SourceDate "2013.04.22"]
[SourceVersion "1"]
[SourceVersionDate "2013.04.22"]
[SourceQuality "1"]

1. d4 Nf6 2. c4 g6 3. Nf3 Bg7 4. Nc3 0-0 5. e4 d6 6. Be2 a6 7. 0-0 Nbd7 8. h3 c6 9. Re1 e5 10. dxe5 dxe5 11. Qc2 Nc5 12. Be3 Qe7 13. b4 Ne6 14. a3 Nh5 15. Nd2 Nhf4 16. Nb3 Qg5 17. g3 Nxe2+ 18. Qxe2 Nf4 19. Qf3 Nxh3+ 20. Kh2 Qf6 21. Qxf6 Bxf6 22. Na4 Ng5 23. Kg2 Bh3+ 24. Kh2 Be6 25. Bxg5 Bxg5 26. Nb6 Rad8 27. Nc5 Rd2 28. Kg2 Bg4 29. Nb3 Rd3 30. Nc5 Bf3+ 31. Kg1 Rd4 32. Rab1 Rfd8 33. Nbd7 R8xd7 34. Nxd7 Rxd7 35. b5 Bd2 36. bxc6 bxc6 37. Rb8+ Kg7 38. Reb1 Bxe4 39. Rd1 Bc2 40. Ra1 Bg5 41. Rb6 e4 42. Rxa6 e3 43. fxe3 Bxe3+ 44. Kg2 Bd3 45. Re1 Bxc4 46. Ra8 Bd5+ 47. Kh3 Be6+ 48. Kg2 Rd2+ 49. Kf3 Bd4 50. Kf4 h5 0-1

[Event "Madrid-ch sf-A"]
[Site "Madrid"]
[Date "2013.03.12"]
[Round "2"]
[White "Morera Rodriguez, Ignacio"]
[Black "Martos de la Vega, Alvaro"]
[Result "0-1"]
[WhiteElo "1866"]
[BlackElo "1973"]
[PlyCount "100"]
[EventDate "2013.03.11"]
[EventType "swiss"]
[EventRounds "9"]
[EventCountry "ESP"]
[SourceTitle "CBM 153 Extra"]
[Source "ChessBase"]
[SourceDate "2013.04.22"]
[SourceVersion "1"]
[SourceVersionDate "2013.04.22"]
[SourceQuality "1"]

1. d4 Nf6 2. c4 g6 3. Nc3 Bg7 4. e4 d6 5. Nf3 0-0 6. Be2 e5 7. 0-0 Nc6 8. d5 Ne7 9. b4 Nh5 10. g3 f5 11. Ng5 Nf6 12. Bf3 c6 13. Bg2 Nh5 14. Ba3 h6 15. Ne6 Bxe6 16. dxe6 Nf6 17. c5 d5 18. exd5 Nfxd5 19. Nxd5 cxd5 20. Qb3 e4 21. Rad1 Qc8 22. f3 Qxe6 23. fxe4 fxe4 24. Rfe1 Qf7 25. Re2 Kh7 26. b5 Rad8 27. Rf1 Bd4+ 28. Kh1 Qg7 29. Rd1 Rfe8 30. Qa4 Be5 31. Bh3 h5 32. Be6 Qf6 33. Bh3 Qf3+ 34. Rg2 h4 35. c6 bxc6 36. bxc6 Nxc6 37. Rc1 Ne7 38. Qxa7 Ra8 39. Qd7 Qxa3 40. Rf1 Rf8 41. Rgf2 Bg7 42. Qg4 Nf5 43. Rxf5 gxf5 44. Qh5+ Kg8 45. Bxf5 Rf6 46. Bh7+ Kf8 47. Rxf6+ Bxf6 48. Qxd5 Qf3+ 49. Kg1 Rd8 50. Bxe4 Qe3+ 0-1

[Event "Madrid-ch Previa-A"]
[Site "Madrid"]
[Date "2013.02.13"]
[Round "6"]
[White "Morera Rodriguez, Ignacio"]
[Black "Rosa Ramirez, Victor Diego"]
[Result "0-1"]
[WhiteElo "1863"]
[BlackElo "1911"]
[PlyCount "54"]
[EventDate "2013.02.04"]
[EventType "swiss"]
[EventRounds "9"]
[EventCountry "ESP"]
[SourceTitle "EXT 2015"]
[Source "ChessBase"]
[SourceDate "2014.11.20"]
[SourceVersion "1"]
[SourceVersionDate "2014.11.20"]
[SourceQuality "1"]

1. d4 Nf6 2. c4 e5 3. dxe5 Ng4 4. Bf4 Nc6 5. Nf3 Bb4+ 6. Nc3 Bxc3+ 7. bxc3 Qe7 8. Qd5 f6 9. exf6 Nxf6 10. Qd2 d6 11. Nd4 0-0 12. Nxc6 bxc6 13. Bg5 Bf5 14. e3 h6 15. Bxf6 Qxf6 16. Qd4 Qf7 17. Be2 Qg6 18. Bf3 Rab8 19. Bxc6 Rb2 20. f4 Bd3 21. Bf3 Rfb8 22. Qd5+ Kh8 23. Bd1 Re8 24. Qf3 Qf6 25. Rc1 d5 26. cxd5 Qb6 27. Be2 Rxe3 0-1